UBT Library

LIGHT IN THE SHADOW OF JIHAD (Record no. 38768)

000 -LEADER
fixed length control field 00299nam a22001337a 4500
008 - FIXED-LENGTH DATA ELEMENTS--GENERAL INFORMATION
fixed length control field 171202b xxu||||| |||| 00| 0 eng d
020 ## - INTERNATIONAL STANDARD BOOK NUMBER
International Standard Book Number 9781576739891
041 ## - LANGUAGE CODE
Language code of text/sound track or separate title eng
080 ## - UNIVERSAL DECIMAL CLASSIFICATION NUMBER
Universal Decimal Classification number 32
100 ## - Rafti
Rafti 18
101 ## - Shkurtesa
Shkurtesa SHP
245 ## - TITLE STATEMENT
Title LIGHT IN THE SHADOW OF JIHAD
Statement of responsibility, etc ZACHARIAS, R
942 ## - ADDED ENTRY ELEMENTS (KOHA)
Source of classification or shelving scheme
Item type Books
Holdings
Withdrawn status Lost status Source of classification or shelving scheme Damaged status Not for loan Collection code Permanent location Current location Shelving location Date acquired Total Checkouts Full call number Barcode Date last seen Price effective from Koha item type
          Koleksioni i përgjithshem UBT - Lipjan UBT - Lipjan Koleksioni i përgjithshem 12/02/2017   32 ZACH 002-2938710 12/02/2017 12/02/2017 Books
UBT Library © 2015-2024. All rights reserved University Education for Business and Technology